000 03405nam a2200349 a 4500
003 MX-MxUPN
005 20230216125650.0
008 200210t2017 mx rb 100 0 spa d
020 _a9786070296673
035 _aUPN01000235398
040 _aMX-MxUPN
_bspa
_cMX-MxUPN
041 0 _aspa
050 1 4 _aHQ1075.5 A44
_bC66 2015
245 0 0 _aCondiciones de la globalización, políticas neoliberales y dinámicas de género :
_baproximaciones desde el Sur
250 _aPrimera edición.
260 _aCiudad de México :
_bUniversidad Nacional Autónoma de México, Centro de Investigaciones y Estudios de Género,
_c©2017.
300 _a282 páginas
504 _aIncluye referencias bibliográficas.
505 0 _tEl sujeto víctima y el papel de las políticas carcelarias en el contexto de los dispositivos de rescate a víctimas de trata /
_rJessica Gutiérrez Gómez --
_tEl comercio sexual de mujeres y las paradojas del neoliberalismo: análisis preliminar de las experiencias subjetivas de las mujeres que se dedican al comercio sexual en el barrio de La Merced en la Ciudad de México --
_tEl feminicidio y la estética del horror /
_rMariana Berlanga Gayón --
_tUna mirada interseccional a la resignificación de género entre jóvenes oaxaqueños migrantes /
_rSusana Vargas Evaristo --
_tEl trabajo doméstico en los Estados Unidos: avances y obstáculos para la autonomía de mujeres migrantes de retorno en San Francisco Tetlanohcan, Tlaxcala /
_rAlethia Fernández de la Reguera Ahedo --
_tTrayectorias de participación en el SNI de las y los investigadores de la península de Yucatán: una lectura con perspectiva de género /
_rIvett Liliana Estrada Mota --
_tUn impacto del individualismo neoliberal en la vida laboral de las mujeres: el affidamento como una propuesta feminista para abordarlo /
_rMarta Clara Ferreyra Beltrán --
_tDesafiar la exclusión: cuidado, precariedad y estrategias de sobrevivencia de cuidadoras en Tlaxcala /
_rMónica Patricia Toledo González y Montserrat Olversa Grande --
_tEl aula y otros espacios formativos /
_rCésar Ricardo Azamar Cruz --
_tCon-formación de comunidad e identidades genéricas y descoloniales /
_rAlma Patricia Piñones Vázquez --
_tVisibilidad de la producción académica de feministas mexicanas a través de una base de datos /
_rJoel Estudillo García y José Edgar Nieto Arizmendi --
_tÁngeles, vagas y maleantes: (neo)liberalismo y representaciones corporales en el tardofranquismo /
_rMaite Garbayo Maeztu --
_t¿Qué nos queda?: arte efímero en espacios públicos como resistencia cuir-feminista /
_rCynthia Citlallin Delgado Huitrón --
_tReflexiones sobre el desarrollo conceptual de la categoría transexual en México /
_rGerardo Mejía Núñez.
650 4 _aRol sexual
_zAmérica Latina
_vCongresos
_947832
650 4 _aRol sexual
_zMéxico
_vCongresos
_947833
650 4 _aFeminismo
_zAmérica Latina
_vCongresos
_947834
650 4 _aFeminismo
_zMéxico
_vCongresos
_947835
650 4 _aMujeres
_zAmérica Latina
_xCondiciones sociales
_vCongresos
_947836
650 4 _aMujeres
_zMéxico
_xCondiciones sociales
_vCongresos
_947837
700 1 _aLópez González de Orduña, Helena
_947830
_ecoordinadora
700 1 _aArreola, Adriana
_947831
_ecoordinadora
711 2 _aColoquio Internacional de Estudios de Género
_d(2015 :
_cCiudad de México)
902 _aVíctor Ruiz/160223
942 _2lcc
_cLIBRO
999 _c207493
_d207493